000 00687nam a2200205Ia 4500
003 GCL
008 140319s9999 xx 000 0 ara d
040 _aGCL /
_cGCL
082 0 4 _a801.953
_bم أ
100 1 _aمحبة حاج معتوق
245 1 0 _aاثر الرواية الواقعية الغربية فى الرواية العربية /
_cمحبة حاج معتوق
490 _a
650 0 4 _aالادب - تاريخ ونقد
650 0 4 _aالادب المقارن
650 0 4 _aالرمزية
650 0 4 _aالواقعية فى الادب
650 0 4 _aالقصص العربية, تاريخ ونقد
650 0 4 _aالقصص - تاريخ ونقد
942 _2ddc
_cBK
999 _c39678
_d39678